United In Grief - Kendrick Lamar - All Lyrics - Statistics

General Stats
  • This quiz has been taken 156 times
  • The average score is 327 of 642
Answer Stats
Answer % Correct
I
99%
(Huh)
96%
(Woah)
96%
So
92%
so
92%
Fee-fi-fo-fum,
90%
some
90%
a
89%
A
89%
in
89%
the
87%
The
87%
G-Wagon
86%
Be
85%
be
85%
me
85%
me,
85%
'em,
84%
'em
84%
them,
84%
them
84%
you
84%
You
84%
been
83%
of
83%
goin'
81%
somethin'
81%
(Tell
81%
tell
81%
through
80%
is
79%
Is
79%
I've
79%
I’ve
79%
this
79%
find
78%
hope
78%
mind
78%
days
77%
lifetime
77%
What
77%
what
77%
what,
77%
life
76%
truth)
74%
peace
73%
on
72%
and
71%
paradise
71%
bitch
69%
miniskirt?
67%
twenty one
64%
your)
64%
your
64%
afraid
61%
fifty five
59%
man
58%
and
56%
eight-hundred
56%
feel
56%
One-thousand
56%
that
56%
That
56%
different
55%
different)
55%
was
55%
.223,
54%
Five
54%
he
54%
it
54%
it,
54%
one
54%
grieve
53%
my
53%
with
53%
his
52%
to
51%
we
51%
time
50%
28
49%
hear
49%
doo-doo
48%
feelings
48%
when
48%
for
47%
All
46%
all
46%
cul-de-sac
46%
hurt?
46%
hundred
44%
rap
44%
bitter
43%
got
43%
her
43%
Her
43%
nerve
43%
way
43%
can
42%
pedestal
42%
twenty
42%
woman
42%
better
41%
mill'
41%
really
41%
where
41%
"Where
41%
years
41%
if
40%
she
40%
black
38%
therapist
38%
young,
38%
off
37%
snitch
37%
house
36%
Mercedes
36%
you're
36%
did
35%
I'm
35%
I’m
35%
"I'm
35%
jewelry?
35%
jewelry,
35%
like
35%
like,
35%
family
34%
am
33%
debate
33%
first?
33%
first
33%
mean
33%
new
33%
show
33%
Bought
32%
bought
32%
captive
32%
demon,
32%
enemies
32%
from?",
32%
just
32%
killin'
32%
repeat
32%
tax
32%
view?
32%
(Everybody
31%
four
31%
hold
31%
neighborhood
31%
Never
31%
never
31%
or
31%
Pray
31%
went
31%
chain
30%
couple
30%
God
30%
God,
30%
know
30%
broken
29%
call
29%
don't
29%
grieves
29%
maturity
29%
none
29%
they
29%
how
28%
model
28%
nine
28%
practice
28%
rapper
28%
theory,
28%
Chicago
27%
had
27%
security?
27%
up
27%
mansions
26%
mansions,
26%
only
26%
away
25%
Eyes
25%
eyes
25%
head
25%
magic
25%
PC
25%
sharing
25%
variables
25%
because
24%
caption
24%
green
24%
Green
24%
night
24%
post
24%
reaction
24%
repetitive
24%
50K
23%
answer
23%
arrogance?
23%
doing?
23%
making
23%
Porsche,
23%
Porsche
23%
predator,
23%
purity
23%
reverse
23%
us
23%
world
23%
world,
23%
Bible
22%
calling
22%
cousins,
22%
everything,
22%
it's
22%
late
22%
listenin'
22%
songs
22%
swimmed
22%
theories
22%
bun,
21%
demons
21%
met
21%
pain
21%
relative
21%
wrote
21%
America
20%
Dedicated
20%
hit
20%
infinity
20%
killed,
20%
moonlight
20%
pools
20%
public,
20%
put
20%
religionous
20%
daddy
19%
Dave
19%
menacing
19%
psychologist
19%
rep'table?
19%
third
19%
thirst
19%
TNT
19%
tour,
19%
watch,
19%
as
18%
Big
18%
But
18%
done
18%
down
18%
grave
18%
Hair
18%
him
18%
hopin'
18%
Humblin'
18%
North
18%
said
18%
won't
18%
bottle
17%
Claritin
17%
didn't
17%
enough,
17%
enough
17%
flipping
17%
gang
17%
imperative
17%
money
17%
moving,
17%
narratives
17%
Popping
17%
presidents'
17%
Rolex
17%
sex
17%
tears
17%
Bang
16%
brother
16%
buy
16%
energy
16%
evil
16%
music
16%
once
16%
room
16%
say
16%
Shaking
16%
smell
16%
wipin'
16%
busy”
15%
cars
15%
Consolidate
15%
Indulging
15%
Lamont
15%
mother
15%
myself
15%
nobody
15%
portrayed
15%
want
15%
wore
15%
Fair
14%
Keem
14%
months
14%
okay,
14%
watched
14%
comparisons
13%
dynamic's
13%
Phone
13%
wake
13%
another
12%
appointment
12%
care
12%
controlled
12%
goodbye
12%
insecurities
12%
left
12%
locked
12%
morning,
12%
penetratin'
12%
Rolodex
12%
Started
12%
treat
12%
after
11%
ain't
11%
body
11%
building
11%
case
11%
county
11%
Poverty
11%
Sympathize
11%
lottery
10%
Paid
10%
portions
10%
ringer,
10%
Chad
9%
FaceTimed
9%
Heartbroken
9%
paralyzed,
9%
you'd
9%
enclave
7%
Estelle
6%
No matching quizzes found
Score Distribution
Percent of People with Each Score
Percentile by Number Answered
Your Score History
You have not taken this quiz